Acta final de la Comisión Mixta celebrada en Bruselas

保存先:
書誌詳細
団体著者: Comisión Mixta
フォーマット: テキスト
出版事項: Bruselas: CEE
タグ: タグ追加
タグなし, このレコードへの初めてのタグを付けませんか!

MARC

LEADER 00000 a a2200000 04500
001 24138
003
040
090 |a 170800  
110 |a Comisión Mixta  
245 |a Acta final de la Comisión Mixta celebrada en Bruselas  
260 |a Bruselas:   |b CEE  
300 |a 4 p.  
500 |a La Comisión Mixta fue creada por el Acuerdo de Cooperación CE/Países del Istmo centroamericano en Bruselas, 17-18 junio de 1987  
999 |c 5788  |d 5788